000 00290nam a22001337a 4500
008 180316b xxu||||| |||| 00| 0 eng d
020 _a9780312404000
041 _aeng
080 _a371
100 _a25
101 _aEDU
245 _aThe Bedford Reader
_cKennedy, X.J
942 _2udc
_cBK
999 _c45224
_d45224